000 00712nam a2200253Ia 4500
003 OSt
005 20220918190452.0
006 a|||||r|||| 00| 0
007 ta
008 220917b |||||||| |||| 00| 0 eng d
024 _a57,042
037 _cTextual
040 _aARTS
_cARTS
_beng
041 _2eng
_aeng
082 _aQ:(R)v3.L, L6 (TTV)
100 _aRedwood John
_972725
245 0 _aReason, ridicule and religion
_b the age of enlightenment in England 1660-1750
260 _aLondon
_bThama and Hudson
_c1976
300 _a287p.
_ccm.
500 _aBib 269-72p
650 _aRELIGION
942 _hQ:(R)v3.L, L6 (TTV)
_cTEXL
_2CC
999 _c185299
_d185299